000 00532nam a22001817a 4500
003 DO-SdBNP
005 20171127151840.0
008 171127b 1934 sp a|| 00| 0 spa d
040 _aBPMSU
_bspa
_cBPMSU
082 _axxxxx
_bxxxxx
100 1 _aLlano, Alberto
245 1 _aCompendio de historia universal /
_cAlbero Llano
260 _aBarcelona :
_bI. G. Seix y Barral Hnos.,
_c1934.
300 _a112 p. :
_bil. ;
_c17 cm.
942 _2ddc
_cBK
945 _aInventariado extranjero / 2017 BT
956 _aBTAVAREZ
_b10
_c20171127
_d0038
999 _c13142
_d13142